000
00293nam a22001217a 4500
008
260505b |||||||| |||| 00| 0 eng d
082
_a
001718
100
_a
Sadashiv, K
245
_a
Prachina Bharathada Ithihasa
260
_a
Mysore
_b
Gupta offset Prinys
_c
2025
300
_a
522p
942
_2
ddc
999
_c
1418
_d
1418